Tierra buena : anuario poético 1974 /
Kaydedildi:
| Müşterek Yazar: | |
|---|---|
| Materyal Türü: | Bilinmiyor |
| Dil: | Spanish |
| Baskı/Yayın Bilgisi: |
San José, Costa Rica :
Ediciones Aula,
1974.
|
| Seri Bilgileri: | (Colección de Poesía del Conservatorio de Castella ;
número 1) |
| Konular: | |
| Etiketler: |
Etiketle
Etiket eklenmemiş, İlk siz ekleyin!
|
MARC
| LEADER | 000000000a22000000004500 | ||
|---|---|---|---|
| 001 | 002639 | ||
| 041 | 0 | |a spa | |
| 082 | 0 | 4 | |a CR861.08 |b T564t |
| 110 | 2 | |a Conservatorio de Castella | |
| 245 | 1 | 0 | |a Tierra buena : |b anuario poético 1974 / |c Conservatorio de Castella. |
| 260 | 1 | |a San José, Costa Rica : |b Ediciones Aula, |c 1974. | |
| 300 | |a 26 páginas | ||
| 490 | 1 | |a (Colección de Poesía del Conservatorio de Castella ; |v número 1) | |
| 650 | 4 | |a LITERATURA COSTARRICENSE | |
| 650 | 4 | |a POESIA | |
| 999 | |c 9014 |d 9014 | ||
| 942 | |c BK |h CR861.08 T564t |2 z | ||
